000 00298nam a22001337a 4500
008 170202b xxu||||| |||| 00| 0 eng d
020 _a9780815149446
041 _aeng
080 _214TH
_a61
100 _a3
101 _aSHM
245 _aTHE HARRIET LANE HANDBOOK
_cBARONE, M.A
942 _2udc
_cBK
999 _c4287
_d4287